Gaming Quiz

Random Gaming or Video Games Quiz

True or False: Minecraft Quiz Stats

 Plays Quiz not verified by Sporcle

Score 0/25 Timer 01:30
0 Plays Today
Question Answer % Correct
The Ghast mob exists in 'The End'???
85.1%
You can tame a Wolf by giving it raw fish???
77.4%
Zombies can drop carrots???
76%
You need a portal to enter the Nether???
67.5%
The Acacia tree is a tree in Minecraft???
66.8%
The pufferfish poisons you if eaten???
63.5%
You can break bedrock???
63.3%
Diamonds are the rarest minerals to find???
61.6%
There are donkies, mules and horses???
60.8%
You can make bread using only wheat???
57.3%
Fishing rods can be enchanted???
56%
Only Wooden tools can break Obsidian blocks???
54%
Squids are the rarest mob???
52.1%
Question Answer % Correct
Milk can heal poisoning???
52%
Gold tools are stronger than iron tools???
51.2%
The Wither is a fictional mob???
49.9%
There are Golden carrots???
42.5%
There are 16 different dyes???
38.4%
You can shoot arrows through lava???
37.3%
Leather armor can be dyed???
36.1%
There are 5 minerals in Minecraft (Not Redstone)???
34.9%
You can't obtain a Grassy dirt block???
32.7%
Chainmail can be created using Iron???
32.7%
There is only one type of Mushroom???
31.5%
You cannot craft saddles or name tags???
29.4%

You're not logged in!

Compare scores with friends on all Sporcle quizzes.
OR
Log In

You Might Also Like...

Show Comments

Extras

Top Quizzes Today


Score Distribution

Your Account Isn't Verified!

In order to create a playlist on Sporcle, you need to verify the email address you used during registration. Go to your Sporcle Settings to finish the process.

Report this User

Report this user for behavior that violates our Community Guidelines.

Details: